<?xml version="1.0" encoding="UTF-8"?>
<collection xmlns="http://www.loc.gov/MARC21/slim">
 <record>
  <leader>01459nam a2200205Ia 4500</leader>
  <controlfield tag="001">CTU_100832</controlfield>
  <controlfield tag="008">210402s9999    xx            000 0 und d</controlfield>
  <datafield tag="020" ind1=" " ind2=" ">
   <subfield code="c">389000</subfield>
  </datafield>
  <datafield tag="082" ind1=" " ind2=" ">
   <subfield code="a">005.432</subfield>
  </datafield>
  <datafield tag="082" ind1=" " ind2=" ">
   <subfield code="b">H538</subfield>
  </datafield>
  <datafield tag="100" ind1=" " ind2=" ">
   <subfield code="a">Herborth, Chris</subfield>
  </datafield>
  <datafield tag="245" ind1=" " ind2="0">
   <subfield code="a">Visual quickpro guide Unix advanced</subfield>
  </datafield>
  <datafield tag="245" ind1=" " ind2="0">
   <subfield code="c">Chris Herborth</subfield>
  </datafield>
  <datafield tag="260" ind1=" " ind2=" ">
   <subfield code="a">Berkely</subfield>
  </datafield>
  <datafield tag="260" ind1=" " ind2=" ">
   <subfield code="b">Peachpit</subfield>
  </datafield>
  <datafield tag="260" ind1=" " ind2=" ">
   <subfield code="c">2005</subfield>
  </datafield>
  <datafield tag="520" ind1=" " ind2=" ">
   <subfield code="a">If you've mastered the flavors, commands, and technical jargon surrounding Unix, are comfortable working from within the command line, and are now itching to take your Unix skills to the next level, this is the place to start! Using the same task-based teaching style and easy visual approach employed in their best-selling Unix (Visual QuickStart Guide), veteran authors Deborah Ray and Eric Ray do more than just enumerate commands here. In these pages, they show you how to combine and synthesize those commands to take full advantage of all of Unix's functionality. The focus here is on advanced Unix security, networking, and system administration. In addition, the authors take a good, hard look at using the Xwindows system to harness Unix's power in the GUI world. By the time you reach the end of this volume, you'll be solving problems, administering systems, and running Xwindows competently-in short, tapping all of Unix's power.</subfield>
  </datafield>
  <datafield tag="650" ind1=" " ind2=" ">
   <subfield code="a">UNIX (Computer file)</subfield>
  </datafield>
  <datafield tag="904" ind1=" " ind2=" ">
   <subfield code="i">Vương</subfield>
  </datafield>
  <datafield tag="980" ind1=" " ind2=" ">
   <subfield code="a">Trung tâm Học liệu Trường Đại học Cần Thơ</subfield>
  </datafield>
 </record>
</collection>
